01459cam a22003617a 4500003000500000005001700005008004100022010000900063011000900072035000900081040000900090082001900099110007900118245010200197260008100299300002200380410006100402490001200463590004100475590004100516590004100557590004200598650004500640650004300685650004000728810006800768830001900836901000700855942001000862949007100872999001500943952013900958CHAP20220329133503.0971013s1992 r 00010 d a6941 a7913 a7138 cCHAP a333.725498bS4 aServicio Internacional para la Investigación Agrícola Nacional9105308 0aReview of the Bhutan national research systemb: the renewable natural resource sectorc/by ISNAR aThe Hague :bInternational Service for National Agricultural Research,c1992 a133 pe+ apénd. aInternational Service for National Agricultural Research 0aRv; 53 aBATCH-UPDb10c20130110lUCH01h2151 aBATCH-UPDb10c20130410lUCH01h1459 aBATCH-UPDb10c20130914lUCH01h1651 aCONVERSIONb10c20130109lUCH01h130514aAgriculturaxInvestigacionxButan.9159514aPolítica agrícolaxBután.99029414aRecursos naturalesxBután.99521200aInternational Service for National Agricultural Research95981300aRv; 53993611 aBK cLIBRO a333.725498 S4bBCcLIBROd33724000333936eLIBROh84515i7138mDsi c6941d6941 00102ddc4052708GRALaBCbBCcPA_GRALd2019-12-31fLIBROl0o333.725498 S4p33724000333936r2019-12-31 00:00:00w2019-12-31yLIBRO